[Event "Riga Summer Festival 2020"]
[Site "Riga"]
[Date "2020.06.20"]
[Round "8.5"]
[White "Krivonosov, Oleg"]
[Black "Gudovskis, Konstantins"]
[Result "1-0"]
[WhiteElo "2391"]
[BlackElo "2025"]
[Annotator "TA"]
[PlyCount "137"]
[EventDate "2020.06.15"]
[EventType "swiss"]
[EventCountry "LAT"]
[SourceTitle "playchess.com"]
[Source "ChessBase"]
[SourceQuality "1"]

{[%evp 17,137,22,51,14,15,9,16,10,16,12,31,-6,45,1,30,30,30,27,37,20,70,17,95,0,13,0,83,71,70,71,71,71,81,75,93,94,108,109,178,58,72,61,67,67,68,32,33,31,60,60,58,47,60,0,0,0,0,0,0,0,0,0,0,0,0,0,0,0,0,0,0,0,0,0,0,0,0,0,0,0,60,60,60,60,60,60,60,60,60,60,60,60,60,60,60,60,60,60,60,0,60,0,60,10,10,10,10,10,10,10,10,10,17,10,10,10,12847,12847,12848,12848,12849,12849]} 1. Nf3 d5 2. d4 Nf6 3. c4 c6 4. cxd5 cxd5 5. Nc3 Nc6 6. Bf4 e6 7. e3 Bd6 8. Bg3 O-O {8...Bxg3 gains popularity.} 9. Bd3 Qe7 10. O-O {D13: Slav Defence: Exchange variation without ...Bf5.} Bxg3 11. hxg3 Bd7 12. Rc1 {The position is equal.} Rfc8 {[#]} 13. Ne5 $146 ({Predecessor:} 13. a3 a6 14. Qe2 Rc7 15. e4 dxe4 16. Nxe4 Rac8 17. Rc2 g6 18. Rfc1 Nxe4 19. Qxe4 {1-0 (41) Avanesov,N (2394)-Gutsko,N (2342) Krasnograd 2018}) 13... Be8 14. f4 Nd7 (14... h5 $11) 15. Bb1 Nf8 16. g4 f6 17. Nf3 Na5 18. b3 b6 19. g5 ({White should try} 19. f5 $14) 19... Nb7 (19... fxg5 $11 20. Nxg5 Nb7) 20. g4 (20. gxf6 $16 gxf6 21. f5) 20... Nd6 21. Qd2 Nb5 (21... fxg5 $11 {keeps the balance.} 22. Nxg5 Bg6) 22. Nxb5 Bxb5 23. gxf6 gxf6 24. Rfe1 Be8 25. Kf2 Rxc1 26. Rxc1 Bd7 27. g5 Be8 (27... f5 $16) 28. Rh1 (28. gxf6 $18 Qxf6 29. Rc7) 28... Rc8 $14 29. gxf6 Qxf6 30. Ne5 Bg6 31. Bxg6 Nxg6 32. Qd3 Kg7 33. Rh5 Rc7 34. Rg5 Kf8 35. Nxg6+ (35. Nf3 $1 $14) 35... hxg6 $11 36. Qxg6 (36. Ke2 {feels hotter.} Kf7 37. Kd2 Qg7 38. Qf1 Qh6 39. Rg1) 36... Qxg6 37. Rxg6 $14 {[%mdl 4096] Endgame KR-KR} Kf7 38. Rg2 Kf6 39. Kf3 a5 40. Rh2 Rc1 41. Rh8 Rf1+ 42. Ke2 Ra1 43. Rf8+ Ke7 44. Rb8 {aiming for a4.} Rxa2+ 45. Kf3 Rb2 46. Rxb6 a4 47. b4 Kf6 48. b5 a3 ({Black should play} 48... Rb1 $11) 49. Ra6 Rxb5 50. Rxa3 Rb1 51. Ra8 $1 Rf1+ 52. Ke2 Rb1 53. Rh8 Ke7 54. Rh5 Ra1 55. Re5 {[#] Threatens to win with f5.} Kd6 56. Kf3 Rf1+ 57. Kg4 Rg1+ 58. Kf3 Rf1+ 59. Ke2 Ra1 $1 60. f5 exf5 61. Rxf5 Ke6 62. Rh5 Ra2+ 63. Kf3 Rb2 64. Rh6+ Kf5 65. Rd6 Rb5 $1 66. Rd8 {[#] Black must now prevent Re8.} Ra5 $2 {[%mdl 8192]} (66... Ke6 $11) 67. Re8 $18 {White is clearly winning.} Rb5 68. Re5+ Kf6 69. Kf4 {Accuracy: White = 80%, Black = 78%.} 1-0

[Event "Riga Summer Festival 2020"]
[Site "Riga"]
[Date "2020.06.21"]
[Round "9.1"]
[White "Mustaps, Matiss"]
[Black "Sveshnikov, Vladimir"]
[Result "1/2-1/2"]
[WhiteElo "2370"]
[BlackElo "2424"]
[Annotator "TA"]
[PlyCount "43"]
[EventDate "2020.06.15"]
[EventType "swiss"]
[EventCountry "LAT"]
[SourceTitle "playchess.com"]
[Source "ChessBase"]
[SourceQuality "1"]

{[%evp 25,26,0,25]} 1. e4 c6 2. d4 d5 3. Nc3 dxe4 4. Nxe4 Bf5 5. Ng3 Bg6 6. h4 h6 7. Nf3 Nd7 8. h5 Bh7 9. Bd3 Bxd3 10. Qxd3 e6 11. Bd2 Ngf6 12. O-O-O Be7 13. Kb1 O-O {[#] 13...Qb6 is more fashionable.} {Predecessor:} 14. Ne4 $146 {B19: Classical Caro-Kann: 4...Bf5 main line.} c5 15. g4 Nxg4 16. Qe2 Qb6 17. Ne5 Ndxe5 18. dxe5 f5 19. exf6 Nxf6 20. Rdg1 Nxe4 21. Qxe4 Bf6 22. b3 {½-½ (40) So,W (2765)-Navara,D (2738) Saint Louis 2019} 1/2-1/2

[Event "Riga Summer Festival 2020"]
[Site "Riga"]
[Date "2020.06.21"]
[Round "9.2"]
[White "Berzinsh, Roland"]
[Black "Olde, Margareth"]
[Result "1/2-1/2"]
[WhiteElo "2375"]
[BlackElo "2201"]
[Annotator "TA"]
[PlyCount "31"]
[EventDate "2020.06.15"]
[EventType "swiss"]
[EventCountry "LAT"]
[SourceTitle "playchess.com"]
[Source "ChessBase"]
[SourceQuality "1"]

{[%evp 11,31,0,0,0,0,0,0,0,0,0,27,26,10,0,16,0,23,16,20,15,24,21]} 1. e4 e5 2. Nf3 Nc6 3. Bc4 Bc5 4. c3 Nf6 5. d4 exd4 6. e5 d5 $1 {[%cal Rd5c4]} 7. Be2 {C54: Giuoco Piano: 4 c3 Nf6, main lines with 5 d4 and 5 d3.} Ne4 {[#] aiming for ...d3!} 8. cxd4 Bb6 9. O-O {The position is equal.} O-O 10. Nc3 f6 11. exf6 Nxf6 12. Be3 Ne7 13. Na4 {[#]} Ng4 $146 ({Predecessor:} 13... Nf5 14. Bf4 Ne4 15. Nxb6 axb6 16. Be5 c6 17. Qc2 Nfd6 18. Bd3 Bf5 19. Ne1 Qd7 {1-0 (35) Godena,M (2497)-Van Hoolandt,P (2188) Geneve 2016}) 14. Bg5 Qd6 {And now ...Rxf3! would win.} 15. h3 Rxf3 {[%csl Gg4][%cal Rd6h2] [#]} 16. hxg4 {Not much happened in this game. Accuracy: White = 100%, Black = 87%.} 1/2-1/2

[Event "Riga Summer Festival 2020"]
[Site "Riga"]
[Date "2020.06.21"]
[Round "9.3"]
[White "Krivonosov, Oleg"]
[Black "Semjonovs, Ilja"]
[Result "1/2-1/2"]
[WhiteElo "2391"]
[BlackElo "2362"]
[Annotator "TA"]
[PlyCount "20"]
[EventDate "2020.06.15"]
[EventType "swiss"]
[EventCountry "LAT"]
[SourceTitle "playchess.com"]
[Source "ChessBase"]
[SourceQuality "1"]

{[%evp 18,20,0,0,0]} 1. Nf3 Nf6 2. c4 c5 3. Nc3 Nc6 4. e3 e6 5. d4 cxd4 6. exd4 d5 7. cxd5 exd5 8. Bg5 Be7 9. Be2 O-O 10. O-O Be6 {Not much happened in this game. B14: Caro-Kann: Panov-Botvinnik Attack with 5...e6 and 5...g6.} 1/2-1/2

[Event "Riga Summer Festival 2020"]
[Site "Riga"]
[Date "2020.06.21"]
[Round "9.4"]
[White "Chukavin, Kirill"]
[Black "Stabulnieks, Klavs"]
[Result "1-0"]
[WhiteElo "2348"]
[BlackElo "2204"]
[Annotator "TA"]
[PlyCount "93"]
[EventDate "2020.06.15"]
[EventType "swiss"]
[EventCountry "LAT"]
[SourceTitle "playchess.com"]
[Source "ChessBase"]
[SourceQuality "1"]

{[%evp 18,93,-4,-30,12,-77,-16,-31,-25,-47,0,0,13,6,0,0,36,15,38,50,48,54,37,19,23,38,33,18,33,31,68,41,53,62,77,83,81,73,115,125,127,123,156,87,107,97,165,157,138,102,160,145,191,197,215,216,500,500,452,454,481,494,448,360,351,304,384,386,378,370,347,306,820,496,1968,1920,4714,4606]} 1. e4 c5 2. Nc3 a6 3. a4 Nc6 4. f4 g6 5. Nf3 Bg7 6. Bc4 e6 7. O-O Nge7 8. d3 O-O 9. Qe1 d5 10. Bb3 Nb4 {B23: Closed Sicilian: Lines without g3.} 11. Qh4 {[#]} (11. Qf2 $11 {remains equal.}) 11... b6 $146 (11... Nec6 $1 $17 {And now ...Qxh4 would win.} 12. Qxd8 Rxd8) ({Predecessor:} 11... Nec6 12. Qxd8 Rxd8 13. a5 Nd4 14. Nxd4 cxd4 15. Na4 dxe4 16. Nb6 Rb8 17. dxe4 {1-0 (31) Turek,L (1979)-Miceli,D (1647) Ljubljana 2017}) 12. f5 $11 exf5 {Black is slightly better.} 13. e5 f4 14. Bxf4 Nf5 15. Qxd8 Rxd8 16. Bg5 Rd7 17. g4 Nd4 18. Nxd4 cxd4 19. Ne2 Bxe5 20. Bf6 Nc6 21. Bxe5 Nxe5 22. g5 Rd6 23. Nxd4 {Strongly threatening Rae1.} Bh3 24. Rf4 Nd7 25. Re1 $36 {[%mdl 2048] White is more active.} Nc5 26. Re7 Rf8 27. Kf2 Bd7 28. Rf6 Be6 29. Kg3 Nd7 30. Rf2 ({Better is} 30. Nxe6 Nxf6 31. Nxf8 Nh5+ 32. Kf3 Kxf8 33. Ra7) 30... Nc5 $16 31. h4 Bd7 {[#]} (31... Rd7 $16 32. Rxd7 Nxd7) 32. Rf6 $1 $18 {[%cal Rf6d6]} Be6 33. h5 Nd7 (33... gxh5 $142 34. Kh4 Rdd8) 34. Rf2 $16 ({Much worse is} 34. Rfxe6 $6 fxe6 35. Nxe6 (35. Rxe6 Rxe6 36. Bxd5 {[%mdl 64] Pin} Kh8 $11) 35... Rf1 $11) (34. Nxe6 $6 Nxf6 35. Nxf8 Nxh5+ 36. Kg4 Kxf8 $11) 34... gxh5 35. Nf5 Bxf5 36. Rxf5 h6 $2 (36... Kg7 37. d4 (37. Bxd5 Kg6 $18) (37. Rxd5 Rxd5 38. Bxd5 Nc5 $16) 37... h6) 37. Rxd5 $18 Rxd5 38. Bxd5 {[%mdl 4096] Endgame KRB-KRN} Nc5 39. g6 Kg7 40. gxf7 Nxa4 41. Kf4 Nxb2 42. Re1 Kf6 43. Ra1 a5 44. Ke4 Ke7 $2 (44... b5 45. Rxa5 Nd1) 45. Kd4 {White is clearly winning.} Rc8 (45... b5 $142 46. Rxa5 Rb8) 46. c4 a4 47. Ra2 {Accuracy: White = 72%, Black = 36%.} 1-0

[Event "Riga Summer Festival 2020"]
[Site "Riga"]
[Date "2020.06.21"]
[Round "9.5"]
[White "Stepins, Edgars"]
[Black "Katishonok, Nikolaj"]
[Result "1/2-1/2"]
[WhiteElo "2277"]
[BlackElo "2101"]
[Annotator "TA"]
[PlyCount "258"]
[EventDate "2020.06.15"]
[EventType "swiss"]
[EventCountry "LAT"]
[SourceTitle "playchess.com"]
[Source "ChessBase"]
[SourceQuality "1"]

{[%evp 14,258,10,11,22,19,31,33,39,41,39,54,43,60,66,52,90,60,98,97,74,7,13,15,10,22,21,13,18,-4,14,-10,-14,-5,33,21,18,8,10,12,24,11,8,-6,1,-6,-9,-8,-6,-10,-9,-22,0,-6,0,-15,-15,-15,-15,-15,-15,-16,-16,-46,-16,-271,0,0,0,0,0,-139,-30,-190,-192,-226,-225,-211,-232,-329,-347,-345,-324,-408,-379,-483,-497,-463,-295,-476,-481,-455,-402,-903,-455,-375,-223,-553,-495,-5583,-316,-966,-898,-751,-565,-606,-584,-539,-150,-716,-159,-176,-180,-208,-126,-130,0,-8,-8,-8,0,0,0,0,0,0,0,0,0,0,0,0,0,0,0,0,0,0,0,0,0,0,0,0,0,0,0,0,0,0,0,0,0,0,0,0,0,0,0,4,8,0,0,0,48,48,48,48,48,47,47,48,48,47,47,47,48,48,48,48,55,55,56,56,56,56,56,56,56,56,59,59,70,47,47,0,70,70,70,70,70,70,70,70,70,56,63,63,70,70,70,30,41,41,56,30,30,30,56,15,8,8,8,30,56,48,56,59,59,8,39,0,8,8,52,8,49,53,63,8,8,8,15,8,8,8,8]} 1. d4 Nf6 2. c4 e6 3. Nf3 d5 4. Nc3 c5 5. e3 Nc6 6. cxd5 Nxd5 7. Bb5 Nxc3 8. bxc3 Qa5 {D41: Queen's Gambit Declined: Semi-Tarrasch with 5 cxd5.} 9. Qb3 Bd7 10. O-O Be7 {[#] White is slightly better.} 11. e4 $146 ({Predecessor:} 11. Bd3 Qc7 12. e4 O-O 13. Rd1 cxd4 14. cxd4 Na5 15. Qb1 Ba4 16. Re1 b5 17. Bd2 {1-0 (79) Boitsov,G (2200)-Solberg,J (2089) Vadso 2008}) 11... cxd4 12. cxd4 a6 13. Be2 Qb4 14. Qd3 Qa4 15. Bd1 Qa5 16. Bd2 Qa3 17. Qxa3 ({Better is} 17. Qb1 $16) 17... Bxa3 $11 18. Rb1 b5 $1 19. d5 exd5 20. exd5 Ne7 21. Nd4 Bc5 22. Nc6 Nxd5 23. Re1+ Ne7 24. Bf3 Rc8 25. Bb4 (25. Nb4 {seems wilder.} Bd6 26. Nxa6 O-O 27. Ba5 Bc6 28. Rbd1) 25... Bxb4 26. Nxb4 Be6 27. Nxa6 O-O 28. Nb4 Nf5 29. g3 Nd4 30. Be4 Rfd8 31. Rb2 Bc4 32. f4 h6 33. Kf2 g5 34. f5 Rd6 35. g4 $1 Kg7 36. Bg2 Kf6 37. h3 {[#]} h5 $1 {[%mdl 512]} 38. Re4 (38. gxh5 Nxf5) 38... Rc5 39. Rb1 $2 {[%mdl 8192] [#]} (39. Re3 $11) 39... Re5 $2 (39... Nc2 $1 $19 {[%mdl 512]} 40. gxh5 (40. Nxc2 Rd2+) 40... Rxf5+ 41. Kg3 Nxb4 42. Rxb4 Rd3+ 43. Kh2 Rf2) 40. Rxe5 Kxe5 41. Re1+ Kf6 42. Re8 (42. Rc1 $11 {remains equal.}) 42... h4 (42... hxg4 $1 $17 43. hxg4 Nc2 $1 {[%mdl 512]}) 43. Ke3 $2 {[#]} (43. Re3 $11) 43... Ne2 $1 $19 44. Bf1 Nf4 45. Bxc4 bxc4 {[%mdl 4096] Endgame KRN-KRN} 46. Ke4 (46. Re4 {was necessary.} Nxh3 47. Rxc4) 46... Rd1 ({Stronger than} 46... Nxh3 47. Nd5+ Kg7 48. Ke5 $11) 47. Rc8 Re1+ ({Don't do} 47... Nxh3 48. Nd5+ Kg7 49. f6+ Kh7 50. Ne3 $19) 48. Kf3 Rh1 49. Rxc4 Rxh3+ 50. Kf2 Rh2+ 51. Kg1 $2 (51. Kf3 {was the only defense.}) 51... Rg2+ {[%mdl 64] Double Attack} 52. Kh1 h3 53. Re4 (53. Rc3 $142 Rxg4 54. Rb3) 53... Kg7 54. Re3 Rxg4 (54... Ne2 $142 55. Rxh3 Rxg4 56. f6+ Kg6) 55. a4 $2 (55. a3 {is more resistant.}) 55... Rg2 {Hoping for ...g4.} 56. a5 (56. Rxh3 $142 Rb2 57. Ra3 Rxb4 58. a5) 56... Rb2 $2 (56... g4 {Threatens to win with ...g3.} 57. f6+ Kxf6) 57. Re4 $2 (57. Nd3 Rb3 58. f6+ Kf8 59. a6 Nxd3 60. Kg1) 57... Rb1+ 58. Kh2 Ra1 59. a6 Kf6 60. Rc4 {[#]} Kxf5 $2 (60... Ra3 $1 $19 61. Kh1 Kxf5) 61. Rc7 $2 (61. Rc2 $17) 61... f6 $2 (61... g4 $19 {has better winning chances. aiming for ...Kg6.} 62. Rxf7+ Kg5) 62. Rc2 $17 Ne6 63. Kxh3 g4+ 64. Kh2 Ke5 (64... Ra4 $17 65. Rc8 Kf4 66. Nd5+ Ke5) 65. Na2 {[#]} Nc7 $1 {[%mdl 512]} 66. a7 (66. Rxc7 Rxa2+) 66... Kd6 67. Kg3 f5 68. Kf4 Rf1+ 69. Kg5 {And now Rxc7! would win.} Ra1 70. Kxf5 g3 71. Ke4 g2 72. Rxg2 Kc6 73. Rb2 Re1+ 74. Kd3 {Black must now prevent Nb4+.} Rd1+ 75. Kc4 Ra1 $1 76. Kd3 Na8 77. Kc3 Kc7 78. Kc4 Nb6+ 79. Kd4 Rd1+ 80. Ke4 {Strongly threatening Rxb6!} Rd8 81. Nc3 Ra8 82. Ra2 Kb7 83. Nb5 Nc8 84. Kd5 Nxa7 85. Nd6+ Kc7 86. Kc5 Kb8 87. Rh2 Nc8 $1 88. Rh8 Ra5+ 89. Kb4 Rg5 90. Rxc8+ $14 {KRN-KR} Ka7 91. Rh8 Kb6 92. Rh6 Kc7 93. Kc4 Kd7 94. Ne4 Rg1 95. Kd5 Rd1+ 96. Ke5 Kc7 97. Nc3 Rd2 98. Nd5+ Kb7 99. Rb6+ Ka7 100. Rb3 Rh2 101. Kd6 Rh6+ 102. Kc5 Rh1 103. Nb4 {Threatening mate with Nc6+.} (103. Kc6 {looks sharper.} Rg1 104. Rc3 Rg6+ 105. Kc5 Rg1 106. Rc2) 103... Rh5+ 104. Nd5 Rh1 $1 105. Kc6 Rh6+ 106. Kb5 Rh5 107. Rd3 Kb7 108. Kc5 Rh6 109. Rg3 Rc6+ 110. Kb5 {White threatens Rg7+ and mate.} Rc1 111. Rg7+ Kc8 112. Ne3 Kd8 113. Nc4 Ke8 114. Kc5 Kf8 115. Ra7 Rd1 116. Ne3 Rg1 117. Kd6 Rg6+ 118. Ke5 Rb6 119. Nd5 Rb1 120. Nf4 Re1+ 121. Kd6 (121. Kf6 $14 Ke8 122. Nd3) 121... Kg8 122. Ng6 Rg1 123. Ne5 Rb1 124. Rc7 Rb6+ 125. Nc6 Rb1 126. Ke6 (126. Nd4 $1 $14) 126... Re1+ $11 {The position is equal.} 127. Ne5 Re2 128. Kf6 Rf2+ 129. Kg6 {Ng4 would kill now.} Rg2+ {White happily takes the draw. Accuracy: White = 68%, Black = 74%.} 1/2-1/2